The study on living standard of the people making their living with garbage and effect of closing stung meanchey landfill in phnom penh city, សិក្សាអំពីកំរិតជិវភាពប្រជាជនប្រកបមុខរបរលើគំនរសំរាម និងការប្រឈមមុខទៅនឹងគំរោងបិទទីលានចាក់សំរាមស្ទឹងមានជ័យក្រុងភ្នំពេញ (Record no. 4585)
[ view plain ]
| 000 -LEADER | |
|---|---|
| fixed length control field | 00848nam a22001577a 4500 |
| 003 - CONTROL NUMBER IDENTIFIER | |
| control field | OSt |
| 005 - DATE AND TIME OF LATEST TRANSACTION | |
| control field | 20151216145812.0 |
| 008 - FIXED-LENGTH DATA ELEMENTS--GENERAL INFORMATION | |
| fixed length control field | 151216b xxu||||| |||| 00| 0 eng d |
| 040 ## - CATALOGING SOURCE | |
| Transcribing agency | RUA |
| 082 ## - DEWEY DECIMAL CLASSIFICATION NUMBER | |
| Classification number | AED NEA 2005 B219 Or.1 |
| 100 ## - MAIN ENTRY--PERSONAL NAME | |
| 9 (RLIN) | 4935 |
| Personal name | NEANG, KHORY. |
| 245 ## - TITLE STATEMENT | |
| Title | The study on living standard of the people making their living with garbage and effect of closing stung meanchey landfill in phnom penh city, សិក្សាអំពីកំរិតជិវភាពប្រជាជនប្រកបមុខរបរលើគំនរសំរាម និងការប្រឈមមុខទៅនឹងគំរោងបិទទីលានចាក់សំរាមស្ទឹងមានជ័យក្រុងភ្នំពេញ |
| 260 ## - PUBLICATION, DISTRIBUTION, ETC. (IMPRINT) | |
| Place of publication, distribution, etc. | Phnom Penh |
| Name of publisher, distributor, etc. | RUA |
| Date of publication, distribution, etc. | 2005 |
| 300 ## - PHYSICAL DESCRIPTION | |
| Extent | x; 44p. |
| Other physical details | ill. |
| Dimensions | 29cm. |
| 942 ## - ADDED ENTRY ELEMENTS (KOHA) | |
| Source of classification or shelving scheme | |
| Koha item type | AED |
| Price effective from | Date last seen | Permanent Location | Not for loan | Date acquired | Source of classification or shelving scheme | Koha item type | Lost status | Withdrawn status | Date last checked out | Total Checkouts | Shelving location | Damaged status | Barcode | Current Location | Full call number |
|---|---|---|---|---|---|---|---|---|---|---|---|---|---|---|---|
| 2015-12-16 | 2015-12-16 | Library Block B | 2015-12-16 | AED | B219 | RUA030113 | Library Block B | AED NEA 2005 B219 Or.1 | |||||||
| 2015-12-16 | 2015-12-16 | Library Block B | 2015-12-16 | AED | B219 | RUA030175 | Library Block B | AED NEA 2005 B219 Or.2 | |||||||
| 2015-12-16 | 2016-06-24 | Library Block B | 2015-12-16 | AED | 2016-06-08 | 1 | B219 | RUA030173 | Library Block B | AED NEA 2005 B219 Or.3 | |||||
| 2015-12-16 | 2015-12-16 | Library Block B | 2015-12-16 | AED | B219 | RUA030176 | Library Block B | AED NEA 2005 B219 Or.4 | |||||||
| 2015-12-16 | 2016-06-02 | Library Block B | 2015-12-16 | AED | 2016-05-10 | 1 | B219 | RUA030252 | Library Block B | AED NEA 2005 B219 Or.5 | |||||
| 2015-12-16 | 2015-12-16 | Library Block B | 2015-12-16 | AED | B219 | RUA030041 | Library Block B | AED NEA 2005 B219 Or.6 |